| 000 | 00554cam a2200181 i 4500 | ||
|---|---|---|---|
| 020 | _a0198595182 : | ||
| 082 | 0 | 0 |
_a690/.0913 _bFUL _cD |
| 100 | 1 |
_aFullerton, R. L. _945288 |
|
| 245 | 1 | 0 |
_aBuilding construction in warm climates / _cR. L. Fullerton. |
| 250 | _a2d ed. | ||
| 260 |
_aOxford ; _aNew York : _bOxford University Press, _c1979- |
||
| 300 |
_av, 186 P, : _bill. ; _c21 cm. |
||
| 490 | 0 | _aOxford tropical handbooks | |
| 526 |
_a0 _b0 _c0 _d690_091300000000000_FUL |
||
| 650 | 0 |
_aBuilding _xTropics. _945289 |
|
| 650 | 0 |
_aMCE _9379 |
|
| 942 |
_2ddc _cBK |
||
| 999 |
_c548849 _d548849 |
||